| 000 | 02095nam a2200409 4500 | ||
|---|---|---|---|
| 001 | 174248 | ||
| 003 | ES-MaACL | ||
| 005 | 20250806063138.0 | ||
| 008 | 100315s2007 sp abo |||| |bspa d | ||
| 017 | _aM 49240-2006 | ||
| 020 | _z978-84-451-2917-1 | ||
| 080 | _a929 Jiménez, Juan Ramón | ||
| 080 | _a913(460.27 M.)(0:82) | ||
| 080 | _a821.134.2 Jiménez, Juan Ramón 1.07 | ||
| 100 | 1 |
_aFernández Berrocal, Rocío, _d1974- _eaut _9142352 |
|
| 245 | 1 | 0 |
_aGuía del Madrid de Juan Ramón Jiménez / _cRocío Fernández Berrocal |
| 260 |
_aMadrid : _bConsejería de Educación, _c[2007] |
||
| 300 |
_a146 páginas : _bilustraciones (blanco y negro y color), mapas ; _c20 cm _e |
||
| 490 | 1 |
_aBiblioteca madrileña de bolsillo _v23 _9189358 |
|
| 490 | 1 |
_aGuías culturales _9241579 |
|
| 500 | _aÍndices | ||
| 504 | _aBibliografía: página 135 | ||
| 520 | _aEsta guía ilustra todos los ricos registros estéticos, artísticos y humanos de Juan Ramón Jiménez, cronista, paisajista y poeta. Un abundante repertorio de imágenes da cuenta de las sucesivas casas madrileñas del poeta, de los lugares y paisajes que él más amaba, de aquellos personajes a los que él trató en la capital. Este "andaluz universal" encontró en Madrid, entre 1911 y 1936, residencia gozosa y amada y, lo que es más importante, lo reflejó en numerosos textos | ||
| 530 | _aDisponible en formato digital | ||
| 600 | 1 | 4 |
_aJiménez, Juan Ramón, _d1881-1958- _xViviendas y lugares frecuentados _9142353 |
| 650 | 7 |
_aRutas literarias- _zMadrid _9138068 |
|
| 651 | 7 |
_aMadrid- _xEn la literatura _9138069 |
|
| 651 | 4 |
_aMadrid- _xDescripción- _yS.XX _98958 |
|
| 710 | 1 |
_aMadrid (Comunidad Autónoma). _bConsejería de Educación _eedt _95600 |
|
| 830 | 0 |
_aBiblioteca madrileña de bolsillo _v23 _9189358 |
|
| 830 | 0 |
_aGuías culturales _9241579 |
|
| 852 |
_aES-MaACL _cHEM _jN-3408 |
||
| 856 | 4 |
_uhttps://gestiona3.madrid.org/bvirtual/BVCM001717.pdf _yVersión en línea _z(PublicaMadrid) |
|
| 942 |
_2udc _cMONOGRAFIA _n0 |
||
| 999 |
_c174248 _d174248 |
||